Countries that Start with T - Statistics

General Stats
  • This quiz has been taken 31 times
  • The average score is 9 of 11
Answer Stats
Country % Correct
Turkey
96%
Thailand
91%
Taiwan
87%
Trinidad and Tobago
87%
Turkmenistan
87%
Tunisia
83%
Tajikistan
78%
Tanzania
78%
Togo
74%
Tonga
74%
Tuvalu
74%
No matching quizzes found
Score Distribution
Percent of People with Each Score
Percentile by Number Answered
Your Score History
You have not taken this quiz